Tài liệu tham khảo : Dùng cho lớp tập huấn giảng viên Mác - Lênin, Tư tưởng Hồ Chí Minh các trường Đại học và Cao đẳng hè 2004

Gồm một số bài viết về toàn cầu hóa và phát triển kinh tế tri thức, thời đại ngày nay và triển vọng của chủ nghĩa xã hội trong hai thập niên đầu thế kỷ 21, vấn đề dân tộc và đại đoàn kết dân tộc trong sự nghiệp cách mạng Việt Nam, ....

ver descrição completa

Na minha lista:
Detalhes bibliográficos
Formato: Livro
Idioma:Undetermined
Publicado em: Hà Nội Nxb. Hà Nội 2004
Assuntos:
Tags: Adicionar Tag
Sem tags, seja o primeiro a adicionar uma tag!
Thư viện lưu trữ: Trung tâm Học liệu Trường Đại học Cần Thơ
LEADER 01011nam a2200181Ia 4500
001 CTU_224029
008 210402s9999 xx 000 0 und d
082 |a 335.43 
082 |b T103 
245 0 |a Tài liệu tham khảo : 
245 0 |b Dùng cho lớp tập huấn giảng viên Mác - Lênin, Tư tưởng Hồ Chí Minh các trường Đại học và Cao đẳng hè 2004 
260 |a Hà Nội 
260 |b Nxb. Hà Nội 
260 |c 2004 
520 |a Gồm một số bài viết về toàn cầu hóa và phát triển kinh tế tri thức, thời đại ngày nay và triển vọng của chủ nghĩa xã hội trong hai thập niên đầu thế kỷ 21, vấn đề dân tộc và đại đoàn kết dân tộc trong sự nghiệp cách mạng Việt Nam, ... 
650 |a Triết học Mác,Philosophy, Marxist 
910 |b dqhieu 
980 |a Trung tâm Học liệu Trường Đại học Cần Thơ